Stranger Things Season 5 Character Episodes - Statistics

General Stats
  • This quiz has been taken 21 times
  • The average score is 22 of 46
Answer Stats
Hint Answer % Correct
8/8 Dustin Henderson
100%
8/8 Eleven
100%
8/8 Jim Hopper
100%
8/8 Joyce Byers
100%
8/8 Lucas Sinclair
100%
8/8 Mike Wheeler
100%
8/8 Steve Harrington
100%
8/8 Will Byers
100%
6/8 Erica Sinclair
94%
8/8 Jonathan Byers
94%
8/8 Nancy Wheeler
94%
8/8 Vecna
94%
8/8 Holly Wheeler
88%
6/8 Karen Wheeler
81%
8/8 Max Mayfield
81%
8/8 Robin Buckley
81%
7/8 Murray Bauman
75%
3/8 Ted Wheeler
75%
5/8 Kali Prasad
50%
4/8 Tina Turnbow
50%
7/8 Derek Turnbow
44%
4/8 Scott Clarke
44%
7/8 Dr Kay
38%
7/8 Mary
38%
2/8 Andy
25%
2/8 Chance
25%
1/8 Stacey
25%
5/8 Vickie Dunne
25%
6/8 Debbie Miller
19%
3/8 Mrs Turnbow
13%
3/8 Mr Turnbow
13%
4/8 Rebecca
13%
7/8 Robert Akers
13%
5/8 Benji
6%
6/8 Glenn
6%
5/8 Jack Sullivan
6%
4/8 Joshua
6%
3/8 Luis Ramirez
6%
5/8 Roger
6%
1/8 Sara Hopper
6%
6/8 Thomas
6%
5/8 Valerie
6%
5/8 Wendy
6%
1/8 Ashley
0%
2/8 Danny Harrington
0%
4/8 Miss Harris
0%
No matching quizzes found
Score Distribution
Percent of People with Each Score
Percentile by Number Answered
Your Score History
You have not taken this quiz